Statistics for Top 100 Boys' Names in England and Wales 1904

Click here to take the quiz!

General Stats

  • This quiz has been taken 295 times
  • The average score is 54 of 100

Answer Stats

#First LetterName% Correct
1WWilliam
100%
2JJohn
99%
6JJames
98%
3GGeorge
96%
4TThomas
96%
12EEdward
93%
59PPeter
92%
38FFred
90%
18HHarry
90%
15RRobert
90%
7CCharles
88%
17HHenry
88%
25RRichard
88%
30DDavid
87%
9AAlbert
82%
71AAndrew
81%
5AArthur
81%
8FFrederick
81%
16FFrank
80%
13JJoseph
80%
57DDaniel
78%
14HHarold
78%
32SSamuel
78%
67SStephen
78%
19WWalter
78%
84MMatthew
76%
46MMichael
76%
61CChristopher
74%
28FFrancis
74%
62AAlan
71%
92AAllan
71%
81MMark
71%
44PPatrick
71%
47VVictor
70%
42AAlexander
69%
91AAnthony
69%
39JJack
69%
22LLeonard
69%
11AAlfred
67%
41RRonald
67%
51DDonald
66%
53BBenjamin
65%
48PPhilip
63%
35EEric
62%
40EEdwin
57%
56LLawrence
57%
76EEdmund
56%
52KKenneth
55%
85MMartin
55%
93OOliver
53%
96CColin
51%
55HHugh
51%
10EErnest
48%
70LLewis
48%
23SStanley
48%
21HHerbert
47%
54DDouglas
45%
78LLouis
45%
31WWilfred
45%
49EEdgar
44%
45BBernard
42%
29PPercy
41%
20RReginald
41%
73RRaymond
40%
66RRalph
39%
98DDenis
37%
87DDennis
37%
82GGordon
37%
86LLionel
36%
58GGeoffrey
35%
33NNorman
35%
94OOwen
35%
63TTom
35%
68GGerald
34%
95HHoward
34%
24LLeslie
34%
60AArchibald
33%
37HHorace
32%
97MMorris
30%
50MMaurice
29%
88EEvan
28%
36SSydney
27%
65HHubert
26%
27SSidney
26%
75AArnold
24%
89HHector
24%
80RRoland
24%
64GGilbert
23%
34CCecil
22%
26CCyril
21%
100JJesse
18%
99LLaurence
18%
43CClifford
17%
77CClarence
16%
72PPercival
16%
74BBertram
15%
69BBertie
13%
90AAlec
12%
83CClaude
10%
79IIvor
8%

Score Distribution

Percentile by Number Answered

Percent of People with Each Score

Your Score History

You have not taken this quiz